| 000 | 00609nam a22001577a 4500 | ||
|---|---|---|---|
| 003 | OSt | ||
| 005 | 20150916091723.0 | ||
| 008 | 150916b xxu||||| |||| 00| 0 eng d | ||
| 040 | _cRUA | ||
| 082 | _aAGR TOU 2001 B027 Or.1 | ||
| 100 |
_9559 _aTOUT, SOKOEURM. |
||
| 245 | _afive common cabbage adapted trial during wet season condition 2001 ( ពិសោធន៍វាយតំលៃពូជខាត់ណាក្តោប ៥ ពូជក្នុងលក្ខខ័ណ្ឌរដូវស្សា ២០០១) | ||
| 260 |
_aPhnom Penh _bRUA _c2001 |
||
| 300 |
_a62p. _bill. _c29cm. |
||
| 942 |
_2ddc _cAGR |
||
| 999 |
_c535 _d535 |
||